<?xml version="1.0" encoding="UTF-8"?><?xml-stylesheet type="text/xsl" href="static/style.xsl"?><OAI-PMH xmlns="http://www.openarchives.org/OAI/2.0/" xmlns:xsi="http://www.w3.org/2001/XMLSchema-instance" xsi:schemaLocation="http://www.openarchives.org/OAI/2.0/ http://www.openarchives.org/OAI/2.0/OAI-PMH.xsd"><responseDate>2026-06-07T07:12:59Z</responseDate><request verb="GetRecord" identifier="oai:riuma.uma.es:10630/29475" metadataPrefix="marc">https://riuma.uma.es/rest/oai/request</request><GetRecord><record><header><identifier>oai:riuma.uma.es:10630/29475</identifier><datestamp>2026-02-03T11:08:07Z</datestamp><setSpec>com_10630_2254</setSpec><setSpec>col_10630_37953</setSpec></header><metadata><record xmlns="http://www.loc.gov/MARC21/slim" xmlns:dcterms="http://purl.org/dc/terms/" xmlns:doc="http://www.lyncode.com/xoai" xmlns:xsi="http://www.w3.org/2001/XMLSchema-instance" xsi:schemaLocation="http://www.loc.gov/MARC21/slim http://www.loc.gov/standards/marcxml/schema/MARC21slim.xsd">
   <leader>00925njm 22002777a 4500</leader>
   <datafield ind2=" " ind1=" " tag="042">
      <subfield code="a">dc</subfield>
   </datafield>
   <datafield ind2=" " ind1=" " tag="720">
      <subfield code="a">García Gámez, María</subfield>
      <subfield code="e">author</subfield>
   </datafield>
   <datafield ind2=" " ind1=" " tag="720">
      <subfield code="a">Moreno-Ortiz, Antonio Jesús</subfield>
      <subfield code="e">author</subfield>
   </datafield>
   <datafield ind2=" " ind1=" " tag="260">
      <subfield code="c">2022-06</subfield>
   </datafield>
   <datafield ind2=" " ind1=" " tag="520">
      <subfield code="a">Sentiment analysis is a natural language processing task that has received increased attention in the last decade due to the vast amount of opinionated data on social media platforms such as Twitter. Although the methodologies employed have grown in number and sophistication, analysing irony and sarcasm still poses a severe problem. From the linguistic perspective, sarcasm has been studied in discourse analysis from several perspectives, but little attention has been given to specific metrics that measure its relevance. In this paper we describe the creation of a manually-annotated dataset where detailed text markers are included. This dataset is a sample from a larger corpus of tweets (n= 76,764) on two highly controversial films: Cats and Star Wars: The Rise of Skywalker. We took two different samples for each film, one before and one after their release, to compare reception and presence of sarcasm. We then used a sentiment analysis tool to measure the impact of sarcasm in polarity detection and then manually classified the mechanisms of sarcasm generation. The resulting corpus will be useful for machine learning approaches to sarcasm detection as well as discourse analysis studies on irony and sarcasm.</subfield>
   </datafield>
   <datafield ind1="8" ind2=" " tag="024">
      <subfield code="a">Moreno-Ortiz, A. J., &amp; García-Gámez, M. (2022). Corpus Annotation and Analysis of Sarcasm in Twitter: #CatsMovie vs. #TheRiseOfSkywalker. Atlantis. Journal of the Spanish Association for Anglo-American Studies, 186–207. https://doi.org/10.28914/Atlantis-2022-44.1.11</subfield>
   </datafield>
   <datafield ind1="8" ind2=" " tag="024">
      <subfield code="a">https://hdl.handle.net/10630/29475</subfield>
   </datafield>
   <datafield ind1="8" ind2=" " tag="024">
      <subfield code="a">10.28914/Atlantis-2022-44.1.11</subfield>
   </datafield>
   <datafield tag="653" ind2=" " ind1=" ">
      <subfield code="a">Redes sociales en internet</subfield>
   </datafield>
   <datafield tag="653" ind2=" " ind1=" ">
      <subfield code="a">Ironía</subfield>
   </datafield>
   <datafield ind2="0" ind1="0" tag="245">
      <subfield code="a">Corpus annotation and analysis of sarcasm on Twitter: #CatsMovie vs. #TheRiseOfSkywalker</subfield>
   </datafield>
</record>
</metadata></record></GetRecord></OAI-PMH>